00801 a2200157 4500020002800000082001600028245012800044260006300172300004300235650004900278650004900327650007400376999001500450952009600465952008200561 a156670667X (alk. paper) a628.168 CHI aContaminated groundwater and sediment :bmodeling for management and remediation /cedited by Calvin C. Chien ... [et al.]. aBoca Raton, Fla. : äb Lewis Publishers, äcc2004.c2004 a274 p. : äb ill., maps ; äc 25 cm. aGroundwaterxPollutionxMathematical models. aContaminated sedimentsxMathematical models. aOrganochlorine compoundsxEnvironmental aspectsxMathematical models. c1688d1688 00104070aNITbNITcCEd0000-00-00l0o628.168 CHIpNIT-5416 r2017-01-05w2017-01-05yBK 00104070aNITbNITcCEd0000-00-00l0pNIT-5087r2017-01-05w2017-01-05yBK